Statistics for Portland Trail Blazers Quiz

Click here to take the quiz!

General Stats

  • This quiz has been taken 56 times
    (49 since last reset)
  • The average score is 24 of 39

Answer Stats

Answer% Correct
1
100%
Western
98%
3
98%
Black
98%
Vivid Crimson
98%
6
98%
White
93%
Portland, Oregon
91%
Clyde Drexler
89%
Northwest
86%
1970
84%
Bill Walton
82%
22
80%
13
75%
14
73%
Terry Stotts
70%
32
70%
30
70%
15
70%
20
68%
Maurice Lucas
68%
36
64%
Moda Center
61%
45
57%
Terry Porter
55%
77
48%
Performance Health
41%
Geoff Petrie
25%
Jody Allen
25%
Bob Gross
23%
Lionel Hollins
23%
Neil Olshey
20%
Dave Twardzik
20%
Larry Steele
20%
Jack Ramsay
18%
Lloyd Neal
16%
Chris McGowan
11%
Larry Weinberg(Founder)
0%

Score Distribution

Percentile by Number Answered

Percent of People with Each Score

Your Score History

You have not taken this quiz since the last reset